Public Relations and Media (Record no. 216082)

MARC details
000 -LEADER
fixed length control field 00574nam a22001817a 4500
008 - FIXED-LENGTH DATA ELEMENTS--GENERAL INFORMATION
fixed length control field 250915b |||||||| |||| 00| 0 eng d
020 ## - INTERNATIONAL STANDARD BOOK NUMBER
International Standard Book Number 9798887151007
050 ## - LIBRARY OF CONGRESS CALL NUMBER
Classification number PN 4784 .P75 R33 2023
Item number C.1
100 ## - MAIN ENTRY--PERSONAL NAME
Personal name Radcliff, Hugo P.
245 ## - TITLE STATEMENT
Title Public Relations and Media
250 ## - EDITION STATEMENT
Edition statement First Edition
260 ## - PUBLICATION, DISTRIBUTION, ETC.
Place of publication, distribution, etc. Dublin, OH
Name of publisher, distributor, etc. Oryson Press
Date of publication, distribution, etc. 2023
300 ## - PHYSICAL DESCRIPTION
Extent ix, 278p.
500 ## - GENERAL NOTE
General note Includes bibliographical references
650 ## - SUBJECT ADDED ENTRY
Topical term or geographic name entry element 1. Mass media. 2. Public relations. 3. Media relations. 4. Journalism—Public relations.
942 ## - ADDED ENTRY ELEMENTS (KOHA)
Source of classification or shelving scheme Library of Congress Classification
Koha item type Long Loan Book
Holdings
Withdrawn status Lost status Source of classification or shelving scheme Damaged status Not for loan Collection Home library Current library Date acquired Inventory number Total checkouts Full call number Barcode Date last seen Date last checked out Copy number Price effective from Koha item type
    Library of Congress Classification     Arts & Social Sciences Kisii University Library Kisii University Library 09/15/2025 109557 1 PN 4784 .P75 R33 2023 000000002932 01/08/2026 12/03/2025 C.1 09/15/2025 Long Loan Book
    Library of Congress Classification     Arts & Social Sciences Kisii University Library Kisii University Library 09/15/2025 109558   PN 4784 .P75 R33 2023 000000002931 09/15/2025   C.2 09/15/2025 Long Loan Book
    Library of Congress Classification     Arts & Social Sciences Kisii University Library Kisii University Library 09/15/2025 109559   PN 4784 .P75 R33 2023 000000002930 09/15/2025   C.3 09/15/2025 Long Loan Book
    Library of Congress Classification     Arts & Social Sciences Kisii University Library Kisii University Library 09/15/2025 109560   PN 4784 .P75 R33 2023 000000002929 09/15/2025   C.4 09/15/2025 Long Loan Book